<?xml version="1.0" encoding="UTF-8"?><?xml-stylesheet type="text/xsl" href="static/style.xsl"?><OAI-PMH xmlns="http://www.openarchives.org/OAI/2.0/" xmlns:xsi="http://www.w3.org/2001/XMLSchema-instance" xsi:schemaLocation="http://www.openarchives.org/OAI/2.0/ http://www.openarchives.org/OAI/2.0/OAI-PMH.xsd"><responseDate>2026-04-17T11:43:07Z</responseDate><request verb="GetRecord" identifier="oai:www.recercat.cat:10230/34638" metadataPrefix="marc">https://recercat.cat/oai/request</request><GetRecord><record><header><identifier>oai:recercat.cat:10230/34638</identifier><datestamp>2025-12-13T20:51:34Z</datestamp><setSpec>com_2072_6</setSpec><setSpec>col_2072_452954</setSpec></header><metadata><record xmlns="http://www.loc.gov/MARC21/slim" xmlns:dcterms="http://purl.org/dc/terms/" xmlns:xsi="http://www.w3.org/2001/XMLSchema-instance" xmlns:doc="http://www.lyncode.com/xoai" xsi:schemaLocation="http://www.loc.gov/MARC21/slim http://www.loc.gov/standards/marcxml/schema/MARC21slim.xsd">
   <leader>00925njm 22002777a 4500</leader>
   <datafield ind2=" " ind1=" " tag="042">
      <subfield code="a">dc</subfield>
   </datafield>
   <datafield ind2=" " ind1=" " tag="720">
      <subfield code="a">Calafell Albó, Diana</subfield>
      <subfield code="e">author</subfield>
   </datafield>
   <datafield ind2=" " ind1=" " tag="260">
      <subfield code="c">2018-05-15T10:13:50Z</subfield>
   </datafield>
   <datafield ind2=" " ind1=" " tag="260">
      <subfield code="c">2018-05-15T10:13:50Z</subfield>
   </datafield>
   <datafield ind2=" " ind1=" " tag="260">
      <subfield code="c">2017</subfield>
   </datafield>
   <datafield ind2=" " ind1=" " tag="520">
      <subfield code="a">Memòria del treball de Fi de Grau en Negocis i Màrqueting Internacionals (ESCI). Curs 2016-2017</subfield>
   </datafield>
   <datafield ind2=" " ind1=" " tag="520">
      <subfield code="a">Directora Rosa Colomé</subfield>
   </datafield>
   <datafield ind2=" " ind1=" " tag="520">
      <subfield code="a">Swellon Imports, S.L., empresa distribuïdora de moda, es planteja obrir un nou canal de venda directa al consumidor final. Per tal de dissenyar el projecte de la cadena de botigues que es planteja, amb aquest treball es fa un breu estudi de l&amp;apos;empresa i la seva oferta de marques i productes actuals. També s&amp;apos;analitza l&amp;apos;estatr del sector del &amp;quot;retail&amp;quot; de moda a Espanya a dia d&amp;apos;avui i s&amp;apos;identifiquen les diverses possibilitats de comercialització dins del format de venda multimarca. Finalment, es presenta el projecte de &amp;quot;concept store&amp;quot;, botiga que millor s&amp;apos;adequa a les característiques identificades durant la recerca, i se n&amp;apos;avalua la viabilitat econòmica.</subfield>
   </datafield>
   <datafield ind2=" " ind1=" " tag="520">
      <subfield code="a">Swellon Imports SL, empresa distribuidora de moda, se plantea abrir un nuevo canal de venta directa al consumidor final. Para diseñar el proyecto de la cadena de tiendas que se plantea, con este trabajo se hace un breve estudio de la empresa y su oferta de marcas y productos actuales. también se analiza el estado del sectoir del retail de moda en España a día de hoy y se identifican las diversas posibilidades de comercialización dentro del formato de venta multimarca. Finalmente, se presenta el proyecto de &amp;quot;concept store&amp;quot;, tienda que mejor se adecua a las características identificadas durante la investigación, y se evalúa su viabilidad económica.</subfield>
   </datafield>
   <datafield ind2=" " ind1=" " tag="520">
      <subfield code="a">Swellon Imports SL, a fashion distribution company, plans to set up a new sales channel to directly reach the end consumer. In order to design the store chain that is planned, a brief study of the company and its current offer of brands and products is carried out. Also, the state of the retail fashion sector in Spain today is analysed and the various marketing possibilities within the multibrabd sales format are identified. Finally, the project for the concept store, the kind of shop that best suits the characteristics identified during the search , is presented and its economic viability is evaluated.</subfield>
   </datafield>
   <datafield tag="653" ind2=" " ind1=" ">
      <subfield code="a">Treball de fi de grau – Curs 2016-2017</subfield>
   </datafield>
   <datafield tag="653" ind2=" " ind1=" ">
      <subfield code="a">Comerç al detall</subfield>
   </datafield>
   <datafield tag="653" ind2=" " ind1=" ">
      <subfield code="a">Retail trade</subfield>
   </datafield>
   <datafield tag="653" ind2=" " ind1=" ">
      <subfield code="a">Moda</subfield>
   </datafield>
   <datafield tag="653" ind2=" " ind1=" ">
      <subfield code="a">Fashion</subfield>
   </datafield>
   <datafield tag="653" ind2=" " ind1=" ">
      <subfield code="a">Establiments comercials</subfield>
   </datafield>
   <datafield tag="653" ind2=" " ind1=" ">
      <subfield code="a">Stores, Retail</subfield>
   </datafield>
   <datafield ind2="0" ind1="0" tag="245">
      <subfield code="a">Creació d&amp;apos;una cadena de botigues multimarca</subfield>
   </datafield>
</record></metadata></record></GetRecord></OAI-PMH>